000 01229nam a2200361 a 4500
008 130729s2013 ag ||||| |||| 00| 0 spa d
020 _a9788415684138
041 _aspa
092 _c616.97
_l44
_sJOO
100 1 _aJoo, Shirley
_92560
245 _aManual Washington de especialidades clínicas.
_bAlergia, asma e inmunología /
_cShirley Joo
250 _a2a ed.
260 _aBarcelona:
_bLippincott;
_c2013.
300 _a205 p.
500 _aJoo, S. y Kau, A. L. (Col.). (2013). Manual Washington de especialidades clínicas. Alergia, asma e inmunología. (2a ed.). Barcelona : Lippincott.
653 _aAlergia
653 _aAsma
653 _aInmunologia
653 _aInmunologia basica
653 _aRinitis alegica y sinusitis
653 _aNeumonitis por hipersensibilidad
653 _aPruebas de funcion pulmonar
653 _aPruebas diagnosticas de alergia
653 _aUrticaria y angioedema
653 _aDermatitis atopica
653 _aDermatitis de contacto alergica
653 _aEnfermedades oculares alergicas
653 _aAnafilaxia
653 _aAlergia a farmacos y desensibilizacion
653 _aAlergia e insectos
700 1 _aKau, Andrew L.
_92562
942 _2ddc
_cBK
999 _c1599
_d1599